Ways to Divide America - Statistics

General Stats
  • This quiz has been taken 21 times
  • The average score is 9 of 14
Answer Stats
Name % Correct
Latin America
94%
Central America
89%
North America
89%
South America
89%
United States of America
89%
Hispanic America
78%
The Americas
78%
Franco-America
72%
Lusoamerica
72%
Anglo-America
56%
Ibero-America
50%
Mesoamerica
28%
Northern America
22%
Middle America
17%
No matching quizzes found
Score Distribution
Percent of People with Each Score
Percentile by Number Answered
Your Score History
You have not taken this quiz